01798cam a2200385 a 450000100090000000300040000900500170001300800410003001000170007102000180008802000180010602000150012402000150013902500270015403500240018103500210020503700530022604000370027904200210031604300120033705000220034906000110037108400160038224501240039826002260052230000340074850000410078250001300082350000700095350400200102365000460104371000660108971000140115578702430116917543007OSt20230606143523.0120131s2011 sz a f 001 0 eng d a 2012339646 a9780978856304 a9780978856373 a0978856309 a0978856376 aI-E-2012-339646; 88-90 a(OCoLC)ocn795843858 a(OCoLC)795843858 aLibrary of Congress -- New Delhi Overseas Office aNLGGCefobidrtbbengcNLGGCdDLC alccopycatalcode aa-ii---00aHQ766b.F256 201114aWP 630 a613.942HOP00aFamily planning :ba global handbook for providers : evidence-based guidance developed through worldwide collaboration. a[Geneva] :bWorld Health Organization, Department of Reproductive Health and Research ;aBaltimore :bJohn Hopkins Bloomberg School of Public Health, Center for Communication programs, Knowledge for Health Project,c2011. axii, 372 p. :bill. ;c23 cm. a"A WHO Family Planning Cornerstone." a"United States Agency for International Development, Bureau for Global Health, Office of Population and Reproductive Health." a"Successor to The Essentials of Contreceptive Technology"--Cover. aIncludes index. 0aFamily planningvHandbooks, manuals, etc.2 aWorld Health Organization.bReproductive Health and Research.2 aK4Health.18iSuccessor to:a[ed. by] Robert A. Hatcher ... [et al.]tThe essentials of contraceptive technology.dBaltimore, MD : Population Information Program, Center for Communication Programs, Johns Hopkins University School of Public Health, 1997